01276nam a2200277Ia 4500008004100000020001400041040001800055041000800073100001600081245006100097260009700158300003000255500006000285504004200345505024100387650002300628650003500651650002600686650003300712650004000745650001400785700002600799710004800825710004700873856007800920130821s2003 xxuab gr eng  a833031449 aCo-BoUCMbspa00aeng1 aCragin, Kim10aArms trafficking and ColombiacKim Cragin, Bruce Hoffman aSanta Mónica (California, Estados Unidos)bRAND, National Defense Research Institutec2003 axxvi, 81 páginasbmapas a"Preparado para la Agencia de Inteligencia de Defensa". aIncluye referencias bibliográficas.0 aIntroduction. -- Violence in Colombia. -- Patterns of small- arms trafficking patterns into Colombia. -- Patterns of small-arms trafficking patterns inside Colombia. -- The wider context. -- Policy implications. -- Research methodology.04aCiencia política04aControl de armamentozColombia04aInsurgenciazColombia04aTráfico de armaszColombia04aTráfico ilegal de armaszColombia04aViolencia1 aHoffman, Bruced1954-1 aUnited States.bDefense Intelligence Agency2 aNational Defense Research Institute (U.S.)42zTabla de Contenidouhttp://www.loc.gov/catdir/toc/ecip045/2003013085.html